I u nás platí, že čas jsou peníze. Sporožirové účty.
Rozhovor s riaditeľom prevádzkového úseku Českej sporiteľne o doterajších nedostatkoch sporožírových účtov. Cesty nápravy nedostatkov. Vyššia kvalita poskytovaných služieb v mimopražských sporiteľniach. Význam a perspektívy bankomatov a šekov.
Enregistré dans:
| Auteur principal: | |
|---|---|
| Autres auteurs: | |
| Format: | Chapitre de livre |
| Langue: | tchèque |
| Sujets: | |
| Tags: |
Pas de tags, Soyez le premier à ajouter un tag!
|
MARC
| LEADER | 00000naa a2200000 4500 | ||
|---|---|---|---|
| 001 | r008410 | ||
| 005 | 20220831083654.7 | ||
| 041 | 0 | |a cze | |
| 044 | |a [CS] | ||
| 245 | 1 | 0 | |a I u nás platí, že čas jsou peníze. |b Sporožirové účty. |c F. Březina, N. Vandurková |
| 520 | |a Rozhovor s riaditeľom prevádzkového úseku Českej sporiteľne o doterajších nedostatkoch sporožírových účtov. Cesty nápravy nedostatkov. Vyššia kvalita poskytovaných služieb v mimopražských sporiteľniach. Význam a perspektívy bankomatov a šekov. | ||
| 610 | 2 | 0 | |a sporiteľne |
| 610 | 2 | 0 | |a sporenie obyvateľstva |
| 610 | 2 | 0 | |a sporožíro |
| 610 | 2 | 0 | |a šeky |
| 100 | 1 | |a Březina, F. | |
| 700 | 1 | |a Vandurková, N. | |